Buceos inolvidables en Chile
Tallennettuna:
| Päätekijät: | , |
|---|---|
| Aineistotyyppi: | Kirja |
| Kieli: | espanja |
| Julkaistu: |
Santiago
Aguilar Chilena de Ediciones S. A
2013
|
| Painos: | 1a. ed |
| Sarja: | Guías Revista Domingo
|
| Aiheet: | |
| Tagit: |
Lisää tagi
Ei tageja, Lisää ensimmäinen tagi!
|
MARC
| LEADER | 00000cam a2200000 a 4500 | ||
|---|---|---|---|
| 001 | UCE9312 | ||
| 003 | CL-VaPUC | ||
| 008 | 151016e20130000cl |||||||||||||||||spa|d | ||
| 020 | |a 9789563474169 | ||
| 082 | 0 | 4 | |a 797.23 |b LUC |2 21 |
| 100 | |a Luchsinger, Fernando |e autor |9 582120 | ||
| 700 | 0 | |a Sorensen, Eduardo |e author |9 582121 | |
| 245 | 1 | 0 | |a Buceos inolvidables en Chile |
| 250 | |a 1a. ed | ||
| 300 | |a 91 p | ||
| 942 | |c BK | ||
| 945 | |d 20151016 11:50:00 |a dcastane | ||
| 260 | |a Santiago |b Aguilar Chilena de Ediciones S. A |c 2013 | ||
| 650 | 7 | |a BUCEO |2 CL-VaPUC |9 261889 | |
| 650 | 7 | |a DEPORTES ACUATICOS |2 CL-VaPUC |9 262007 | |
| 650 | 7 | |a EXPLORACIONES SUBMARINAS |2 CL-VaPUC |9 261765 | |
| 583 | |a last modification |c 20151016 11:50:00 |k Rodrigo Vera | ||
| 490 | 0 | |a Guías Revista Domingo | |
| 999 | |c 360981 |d 360979 | ||